Score 0/16 Timer 01:30
1 Play Today
Clue 4-Letter Word % Correct
Cook in hot waterBOIL
98.2%
Money to get out of jailBAIL
97.8%
Post Office deliveryMAIL
97.2%
Group of shopsMALL
97.1%
April 1 celebrantFOOL
95.5%
Clothing for rainCOAT
93.3%
Water around a castleMOAT
93.1%
Niger's western neighborMALI
92.8%
Clue 4-Letter Word % Correct
An informal conversationCHAT
91.5%
Niger's eastern neighborCHAD
91.1%
Unwanted food fungus (US)MOLD
90.3%
Order at a restaurantFOOD
89.9%
Football championship gameBOWL
89.5%
Shed one's feathersMOLT
89.3%
Hunted birdsFOWL
88.3%
State of mindMOOD
87.6%

Today's Daily Dose

Remove Ads.
Support Sporcle.
Get the best of Sporcle when you Go Orange. This ad-free experience offers more features, more stats, and more fun while also helping to support Sporcle. Thank you for becoming a member.

You're not logged in!

Compare scores with friends on all Sporcle quizzes.
OR
Log In

Show Comments

Extras

Top Quizzes Today


Score Distribution

Your Account Isn't Verified!

In order to create a playlist on Sporcle, you need to verify the email address you used during registration. Go to your Sporcle Settings to finish the process.

Report this User

Report this user for behavior that violates our Community Guidelines.

Details: